| 000 | 00819nam a22002297a 4500 | ||
|---|---|---|---|
| 003 | UA-OsUOA | ||
| 001 | 69114 | ||
| 007 | ta | ||
| 008 | 20100608b un ||||| |||| 00| 0 ukr d | ||
| 090 |
_a343.13 _bК82 |
||
| 942 | _cBK | ||
| 040 |
_aUA-OsUOA _bukr _cUA-OsUOA _dUA-OsUOA |
||
| 245 |
_aКримінальний кодекс України 2001 р.: проблеми застосування і перспективи удосконалення _bМатеріали міжнародної науково-практичної конференції 13 - 15 квітня 2007 р. |
||
| 300 | _a312 с. | ||
| 955 | _a2 | ||
| 041 | _aukr | ||
| 080 | _a343.13 | ||
| 260 |
_aЛьвів _c2007 |
||
| 246 | 3 | 1 |
_a1 _n |
| 650 | 7 |
_a343 Кримінальне право. Карні порушення _2UDC |
|
| 999 |
_c355365 _d355365 |
||